[Event "Florianopolis op 9th"]
[Site "Florianopolis"]
[Date "2023.01.25"]
[Round "4"]
[White "Zottis, Ernani"]
[Black "De Souza, Samuel de Deus"]
[Result "1-0"]
[WhiteElo "1352"]
[BlackElo "1800"]
[PlyCount "29"]
[EventDate "2023.01.23"]
[EventType "swiss"]
[EventRounds "10"]
[EventCountry "BRA"]
[SourceTitle "CBM 212 Extra"]
[Source "ChessBase"]
[SourceDate "2023.03.31"]
[SourceVersion "1"]
[SourceVersionDate "2023.03.31"]
[SourceQuality "1"]

1. e4 c5 2. Nc3 g6 3. Bc4 Bg7 4. Nf3 Nf6 5. d3 Nc6 6. Be3 d6 7. Qd2 Bg4 8. 0-0-0 0-0 9. h3 Bxf3 10. gxf3 Re8 11. Bh6 Kh8 12. f4 e6 13. Rhg1 Qd7 14. h4 Nh5 15. Qe2 1-0

[Event "Timbo U2200 op 2nd"]
[Site "Timbo"]
[Date "2022.08.13"]
[Round "3"]
[White "Zottis, Ernani"]
[Black "Mazzuco Junior, Adir"]
[Result "1-0"]
[WhiteElo "1420"]
[BlackElo "1494"]
[PlyCount "32"]
[EventDate "2022.08.12"]
[EventType "swiss"]
[EventRounds "6"]
[EventCountry "BRA"]
[SourceTitle "EXT 2024"]
[Source "ChessBase"]
[SourceDate "2023.10.10"]
[SourceVersion "1"]
[SourceVersionDate "2023.10.10"]
[SourceQuality "1"]

1. e4 e5 2. Nc3 Nf6 3. Bc4 Nc6 4. d3 Be7 5. Be3 d6 6. Nf3 Bg4 7. h3 Bh5 8. g4 Nxg4 9. hxg4 Bxg4 10. Rg1 h5 11. Qe2 Nd4 12. Bxd4 exd4 13. Nd5 c6 14. Nxe7 Qxe7 15. 0-0-0 d5 16. Bb3 0-0-0 1-0

[Event "Florianopolis op 6th"]
[Site "Florianopolis"]
[Date "2020.01.25"]
[Round "8"]
[White "Teramoto, Anderson"]
[Black "Zottis, Ernani"]
[Result "0-1"]
[WhiteElo "1624"]
[BlackElo "1404"]
[PlyCount "51"]
[EventDate "2020.01.20"]
[EventType "swiss"]
[EventRounds "10"]
[EventCountry "BRA"]
[SourceTitle "CBM 194 Extra"]
[Source "ChessBase"]
[SourceDate "2020.03.31"]
[SourceVersion "1"]
[SourceVersionDate "2020.03.31"]
[SourceQuality "1"]

1. d4 d5 2. c4 e6 3. Nc3 Nf6 4. Nf3 a6 5. e3 dxc4 6. Bxc4 b5 7. Bb3 Bb7 8. 0-0 Nbd7 9. Bd2 c5 10. dxc5 Bxc5 11. Rc1 0-0 12. Ne2 Bxf3 13. gxf3 Nh5 14. Bc3 Qe7 15. Ng3 Nxg3 16. hxg3 b4 17. Bd2 Bd6 18. Kg2 Rad8 19. Rh1 a5 20. Rc4 Be5 21. Qc2 h6 22. Rch4 f5 23. Bc1 Kh8 24. Qc6 Bd6 25. Rd1 Nb8 26. Rhd4 0-1

[Event "Florianopolis op 6th"]
[Site "Florianopolis"]
[Date "2020.01.22"]
[Round "4"]
[White "De Carvalho, Vitor Augusto Ponci"]
[Black "Zottis, Ernani"]
[Result "0-1"]
[WhiteElo "1272"]
[BlackElo "1404"]
[PlyCount "38"]
[EventDate "2020.01.20"]
[EventType "swiss"]
[EventRounds "10"]
[EventCountry "BRA"]
[SourceTitle "CBM 194 Extra"]
[Source "ChessBase"]
[SourceDate "2020.03.31"]
[SourceVersion "1"]
[SourceVersionDate "2020.03.31"]
[SourceQuality "1"]

1. e4 e5 2. d4 f6 3. dxe5 Nc6 4. exf6 Nxf6 5. f3 Bc5 6. Bc4 Na5 7. Bb3 Nxb3 8. axb3 0-0 9. Ne2 Re8 10. Nbc3 c6 11. Na4 Bb6 12. Nxb6 Qxb6 13. c4 d5 14. cxd5 cxd5 15. exd5 Bd7 16. Rf1 Rxe2+ 17. Kxe2 Re8+ 18. Kd2 Qd4+ 19. Kc2 Bf5+ 0-1

[Event "Florianopolis op 6th"]
[Site "Florianopolis"]
[Date "2020.01.21"]
[Round "3"]
[White "Zottis, Ernani"]
[Black "Rodrigues Nogueira, Carlos Manuel"]
[Result "0-1"]
[WhiteElo "1404"]
[BlackElo "1971"]
[PlyCount "54"]
[EventDate "2020.01.20"]
[EventType "swiss"]
[EventRounds "10"]
[EventCountry "BRA"]
[SourceTitle "CBM 194 Extra"]
[Source "ChessBase"]
[SourceDate "2020.03.31"]
[SourceVersion "1"]
[SourceVersionDate "2020.03.31"]
[SourceQuality "1"]

1. e4 c6 2. Bc4 d5 3. exd5 cxd5 4. Bb3 Nf6 5. d4 Nc6 6. c3 Bf5 7. Ne2 e6 8. 0-0 Bd6 9. f4 0-0 10. h3 b5 11. Nd2 b4 12. Nf3 bxc3 13. bxc3 Ne4 14. c4 dxc4 15. Bxc4 Qc7 16. d5 Bc5+ 17. Kh2 exd5 18. Bxd5 Rad8 19. Qd3 Nb4 20. Bxf7+ Rxf7 21. Qc4 Bg1+ 22. Nexg1 Qxc4 23. Ne5 Qxf1 24. Nxf7 Rd1 25. Be3 Rxa1 26. Ne5 Rxa2 27. Ne2 Rxe2 0-1

[Event "BRA-ch Regional Sul"]
[Site "Lages"]
[Date "2019.10.20"]
[Round "5"]
[White "Zottis, Ernani"]
[Black "Niehues, Luiz Cesar"]
[Result "1-0"]
[WhiteElo "1376"]
[BlackElo "1518"]
[PlyCount "83"]
[EventDate "2019.10.18"]
[EventType "swiss"]
[EventRounds "5"]
[EventCountry "BRA"]
[SourceTitle "CBM 195 Extra"]
[Source "ChessBase"]
[SourceDate "2020.05.31"]
[SourceVersion "1"]
[SourceVersionDate "2020.05.31"]
[SourceQuality "1"]

1. e4 d5 2. Bd3 dxe4 3. Bxe4 Nf6 4. f3 e5 5. Nc3 Bc5 6. b3 Nxe4 7. Nxe4 Bxg1 8. Rxg1 Qh4+ 9. Nf2 Qxh2 10. Rh1 Qxg2 11. Qe2 Nc6 12. Ba3 Be6 13. 0-0-0 0-0-0 14. Bc5 Qg6 15. Rdg1 Qf5 16. Ne4 h6 17. Rxg7 Nd4 18. Bxd4 Rxd4 19. Rhg1 Rhd8 20. Rg8 Qf4 21. c3 R4d5 22. Kc2 f5 23. Rxd8+ Rxd8 24. Nc5 Bd5 25. Qe1 Bg8 26. Nd3 Qxf3 27. Rg3 Qd5 28. c4 Qd4 29. Re3 e4 30. Nf4 b5 31. cxb5 a6 32. b6 Qxb6 33. Rc3 a5 34. a4 Qd6 35. Qe3 Qa3 36. Kd1 Rd6 37. Ne2 Kb7 38. Nd4 f4 39. Qxe4+ Bd5 40. Qe7 Kb6 41. Nb5 Qb4 42. Nxc7 1-0

[Event "Florianopolis op 5th"]
[Site "Florianopolis"]
[Date "2019.01.26"]
[Round "9"]
[White "Moretto, Leticia Soares"]
[Black "Zottis, Ernani"]
[Result "1-0"]
[WhiteElo "1384"]
[BlackElo "1800"]
[PlyCount "57"]
[EventDate "2019.01.21"]
[EventType "swiss"]
[EventRounds "10"]
[EventCountry "BRA"]
[SourceTitle "EXT 2020"]
[Source "ChessBase"]
[SourceDate "2019.10.17"]
[SourceVersion "1"]
[SourceVersionDate "2019.10.17"]
[SourceQuality "1"]

1. d4 Nc6 2. c4 e6 3. Nc3 Bb4 4. e3 Nf6 5. Bd2 0-0 6. Nf3 d5 7. Be2 b6 8. a3 Be7 9. 0-0 Bb7 10. h3 Ne4 11. Qc2 f5 12. cxd5 Nxc3 13. Qxc3 Qxd5 14. Bc4 Qd6 15. Qb3 Nd8 16. Be2 Rf6 17. Ne5 Ba6 18. Rfc1 c5 19. Nc4 Qc7 20. Bc3 Bxc4 21. Qxc4 b5 22. Qb3 c4 23. Qc2 Rg6 24. Rd1 Bd6 25. Bb4 Bh2+ 26. Kh1 f4 27. e4 Bg3 28. fxg3 Rxg3 29. e5 1-0